000
00188nam a2200109Ia 4500
100
_a
#N/A
942
_c
BK
654
_a
e-books
245
_a
E Books
260
_b
#N/A
546
_a
ENGLISH
999
_c
29090
_d
29090